|
|
|
|
| LEADER |
00980nam a2200229 a 4500 |
| 001 |
13968851 |
| 008 |
091004s2001 bg a 000 0 eng d |
| 010 |
|
|
|a 2004312579
|
| 020 |
|
|
|a 9843114159
|
| 040 |
|
|
|a DLC
|c DLC
|
| 082 |
0 |
0 |
|a 363.5
|2 21
|
| 245 |
0 |
0 |
|a Low-income housing :
|b multi-dimensional research perspectives /
|c editor, K. Iftekhar Ahmed ; editorial assistant, Imtiaj Rasul.
|
| 260 |
|
|
|a Dhaka :
|b Program for Research on Poverty Alleviation, Grameen Trust,
|c 2001.
|
| 300 |
|
|
|a 82 p. :
|b ill. ;
|c 23 cm.
|
| 541 |
1 |
|
|e 00012444
|
| 650 |
|
0 |
|a Low-income housing
|z Bangladesh.
|
| 700 |
1 |
|
|a Ahmed K. Iftekhar
|
| 710 |
2 |
|
|a Program for Research on Poverty Alleviation.
|
| 710 |
2 |
|
|a Grameen Trust.
|
| 852 |
4 |
|
|a Ayesha Abed Library
|j General shelf
|
| 999 |
|
|
|c 4443
|d 4443
|
| 952 |
|
|
|0 0
|1 0
|2 ddc
|4 0
|6 363_500000000000000_LOW
|7 0
|9 4154
|a BRACUL
|b BRACUL
|c GEN
|d 2009-10-11
|g 0.00
|l 2
|m 17
|o 363.5 LOW
|p 3010012444
|r 2017-08-17
|s 2017-05-29
|t 1
|w 2009-10-11
|y BK
|x No price found in the accession register.
|